| 000 | 01100aaa a2200229 a 4500 | ||
|---|---|---|---|
| 001 | 78837 | ||
| 003 | BD-RjUL | ||
| 005 | 20211209083159.0 | ||
| 008 | 211121s19591378le ||||| |||| 001 0 ara d | ||
| 035 | _a(BD-RjUL) 79064 | ||
| 040 |
_aBD-RjUL _beng _cBD-RjUL |
||
| 041 | _aara | ||
| 082 |
_223 _a297.09022 _bFAB 1959 |
||
| 100 | 1 | 0 |
_aفروخ، عمر ;; Farroukh, Omar ، . _d1906-1987 _9245188 |
| 245 |
_a العرب والاسلام في الحوض الغربي من البحر الأبيض المتوسط : من فتح المغرب وفتح الاندلس الى آخر عصر الولاة (138هج 756م) = Islam and the Arabs : in the western mediterranean during the age of viceroys of moslem spain (711-756 C. E. _cتاليف عمر فروخ = by Omar Farrukh |
||
| 260 |
_aبيروت = Beirut : _bمنشورات المكتب التجاري , ;; manshurat almaktab altijarii , _c1959[1378] |
||
| 300 |
_a206 p. ; _c24 cm |
||
| 650 |
_aArabs _vHistory. _9250254 |
||
| 650 |
_aSpain _v History _y711-1516. _9250255 |
||
| 650 |
_a Islamic Empire _v History _y661-750. _9250256 |
||
| 942 |
_2ddc _cBK |
||
| 999 |
_c78837 _d78837 |
||